000 00275nam a2200121Ia 4500
008 190216s9999||||xx |||||||||||||| ||und||
100 _aMahalingam M
245 0 _aSome Thoughts On Planning
260 _bSrisakthi
_c1973
300 _a149p
650 _aEconomics
942 _cBK
999 _c9375
_d9375